MARC

LEADER 00000nam0a2200000 4500
001 284148
005 20231101235652.0
020 |a RU  |b 85-18028 
035 |a (RuTPU)RU\TPU\book\308287 
090 |a 284148 
100 |a 20150212d1984 km y0rusy5003 ca 
101 0 |a rus 
102 |a RU 
105 |a a g 001zy 
200 1 |a Справочник по строительству в водной среде в суровых климатических условиях  |f Э. Г. Годес, Р. М. Нарбут 
210 |a Ленинград  |c Стройиздат  |d 1984 
215 |a 384 с.  |c ил. 
320 |a Библиогр.: с. 382-383 
606 |a Здания  |x Строительство на увлажняемых лессовых основаниях  |2 stltpush  |3 (RuTPU)RU\TPU\subj\11550  |9 38472 
610 1 |a подводно-строительные работы 
610 1 |a подводные трубопроводы 
610 1 |a прокладка 
610 1 |a строительное водопонижение 
610 1 |a сваи 
610 1 |a свай-оболочки 
610 1 |a инженерные конструкции 
610 1 |a ограждающие конструкции 
610 1 |a устройство 
610 1 |a берегоукрепительные сооружения 
610 1 |a техника безопасности 
675 |a 69.034(035)  |v 3 
700 1 |a Годес  |b Э. Г.  |g Эммануил Григорьевич 
701 1 |a Нарбут  |b Р. М.  |g Роман Михайлович 
801 0 |a RU  |b RuMRKP  |c 19950704  |g psbo 
801 1 |a RU  |b 63413507  |c 20150212 
801 2 |a RU  |b 63413507  |c 20170830  |g RCR 
942 |c BK